[Event "DVM U20 2023"]
[Site "Magdeburg GER"]
[Date "2023.12.29"]
[Round "6"]
[White "Schönherr, Stijn"]
[Black "Senel, Serdar"]
[Result "1/2-1/2"]
[Termination "normal"]
[Board "8.6"]
[WhiteElo "1295"]
[BlackElo "1019"]
[WhiteClock "00:36:09"]
[BlackClock "00:17:35"]
[WhiteTeam "USC Magdeburg"]
[BlackTeam "SV Hemer 1932"]
[PlyCount "138"]
[WhiteFideId "34611622"]
[BlackFideId "34608796"]
[EventCountry "GER"]
[EventRounds "7"]
[EventType "team-swiss"]
[EventDate "2023.12.26"]

1. b4 {[%clk 01:30:57]} {[%emt 00:00:03]} d5 {[%clk 01:30:20]} {[%emt
00:00:39]} 2. Bb2 {[%clk 01:31:20]} {[%emt 00:00:07]} Nf6 {[%clk 01:30:02]}
{[%emt 00:00:48]} 3. Nf3 {[%clk 01:31:17]} {[%emt 00:00:34]} e6 {[%clk
01:26:45]} {[%emt 00:03:48]} 4. b5 {[%clk 01:30:24]} {[%emt 00:01:23]} Bd6
{[%clk 01:25:04]} {[%emt 00:02:09]} 5. e3 {[%clk 01:30:40]} {[%emt 00:00:16]}
c5 {[%emt 00:01:17]} 6. c4 {[%clk 01:29:43]} {[%emt 00:01:23]} O-O {[%clk
01:21:50]} {[%emt 00:03:00]} 7. d4 {[%clk 01:27:44]} {[%emt 00:02:30]} Ne4
{[%clk 01:20:44]} {[%emt 00:01:35]} 8. Bd3 {[%clk 01:20:27]} {[%emt 00:07:47]}
b6 {[%clk 01:20:48]} {[%emt 00:00:26]} 9. Qc2 {[%clk 01:20:01]} {[%emt
00:00:56]} Bb7 {[%clk 01:20:01]} {[%emt 00:01:18]} 10. Nbd2 {[%clk 01:18:53]}
{[%emt 00:01:38]} f5 {[%clk 01:20:14]} {[%emt 00:00:18]} 11. cxd5 {[%clk
01:17:35]} {[%emt 00:01:47]} exd5 {[%clk 01:19:23]} {[%emt 00:01:21]} 12. dxc5
{[%clk 01:11:30]} {[%emt 00:06:35]} bxc5 {[%clk 01:13:51]} {[%emt 00:06:03]}
13. h4 {[%clk 00:59:14]} {[%emt 00:12:46]} c4 {[%clk 01:10:48]} {[%emt
00:03:32]} 14. Bxe4 {[%clk 00:59:32]} {[%emt 00:00:13]} fxe4 {[%clk 01:09:45]}
{[%emt 00:01:33]} 15. Ng5 {[%clk 00:59:38]} {[%emt 00:00:24]} Bc8 {[%clk
01:03:00]} {[%emt 00:07:15]} 16. f3 {[%clk 00:58:01]} {[%emt 00:02:08]} h6
{[%clk 01:01:55]} {[%emt 00:01:35]} 17. Nh3 {[%clk 00:46:38]} {[%emt 00:11:51]}
Bg3+ {[%clk 00:59:36]} {[%emt 00:02:49]} 18. Ke2 {[%clk 00:46:23]} {[%emt
00:00:46]} exf3+ {[%clk 00:59:00]} {[%emt 00:01:06]} 19. Nxf3 {[%clk 00:45:47]}
{[%emt 00:01:06]} Bxh4 {[%clk 00:57:25]} {[%emt 00:02:03]} 20. Nf4 {[%clk
00:45:24]} {[%emt 00:00:52]} Bg5 {[%clk 00:46:18]} {[%emt 00:11:38]} 21. g3
{[%clk 00:45:22]} {[%emt 00:00:32]} Bf5 {[%clk 00:45:33]} {[%emt 00:01:15]} 22.
Qc3 {[%clk 00:34:38]} {[%emt 00:11:15]} Bf6 {[%clk 00:38:59]} {[%emt 00:07:04]}
23. Nd4 {[%clk 00:31:56]} {[%emt 00:03:12]} Bg4+ {[%clk 00:26:32]} {[%emt
00:12:58]} 24. Ke1 {[%clk 00:27:55]} {[%emt 00:04:31]} a6 {[%clk 00:25:46]}
{[%emt 00:01:14]} 25. b6 {[%clk 00:27:21]} {[%emt 00:01:04]} Nc6 {[%clk
00:23:52]} {[%emt 00:02:25]} 26. Qd2 {[%clk 00:26:32]} {[%emt 00:01:20]} Qxb6
{[%clk 00:19:55]} {[%emt 00:04:26]} 27. Nxd5 {[%clk 00:25:03]} {[%emt
00:01:59]} Qa5 {[%clk 00:15:37]} {[%emt 00:04:48]} 28. Nxf6+ {[%clk 00:25:14]}
{[%emt 00:00:20]} Rxf6 {[%clk 00:14:22]} {[%emt 00:01:45]} 29. Nxc6 {[%clk
00:25:34]} {[%emt 00:00:08]} Qxd2+ {[%clk 00:14:44]} {[%emt 00:00:08]} 30. Kxd2
{[%clk 00:25:50]} {[%emt 00:00:15]} Rxc6 {[%clk 00:15:04]} {[%emt 00:00:10]}
31. Rh4 {[%clk 00:25:12]} {[%emt 00:01:09]} h5 {[%clk 00:14:56]} {[%emt
00:00:37]} 32. Rhh1 {[%clk 00:25:01]} {[%emt 00:00:40]} c3+ {[%clk 00:15:09]}
{[%emt 00:00:18]} 33. Bxc3 {[%clk 00:25:17]} {[%emt 00:00:13]} Rac8 {[%clk
00:13:57]} {[%emt 00:01:42]} 34. Rac1 {[%clk 00:25:04]} {[%emt 00:00:44]} Rd6+
{[%clk 00:08:58]} {[%emt 00:05:29]} 35. Bd4 {[%clk 00:25:01]} {[%emt 00:00:34]}
Rb8 {[%clk 00:06:08]} {[%emt 00:03:19]} 36. Rc7 {[%clk 00:24:04]} {[%emt
00:01:26]} Rg6 {[%clk 00:03:36]} {[%emt 00:03:03]} 37. a4 {[%clk 00:22:29]}
{[%emt 00:02:06]} Rf8 {[%clk 00:03:39]} {[%emt 00:00:26]} 38. Ra1 {[%clk
00:18:22]} {[%emt 00:04:36]} Rf2+ {[%clk 00:03:08]} {[%emt 00:01:03]} 39. Kc3
{[%clk 00:18:22]} {[%emt 00:00:29]} Bf5 {[%clk 00:02:08]} {[%emt 00:01:30]} 40.
Kb3 {[%clk 00:18:28]} {[%emt 00:00:23]} Rxg3 {[%clk 00:01:51]} {[%emt
00:00:48]} 41. Kb4 {[%clk 00:16:22]} {[%emt 00:02:36]} h4 {[%clk 00:00:45]}
{[%emt 00:01:36]} 42. Ka5 {[%clk 00:15:55]} {[%emt 00:00:58]} Bd3 {[%clk
00:29:17]} {[%emt 00:01:58]} 43. Rh1 {[%clk 00:44:00]} {[%emt 00:02:24]} h3
{[%clk 00:29:00]} {[%emt 00:00:46]} 44. Be5 {[%clk 00:41:55]} {[%emt 00:02:35]}
Rf5 {[%clk 00:28:52]} {[%emt 00:00:39]} 45. Rc5 {[%clk 00:41:35]} {[%emt
00:00:50]} Rxe3 {[%clk 00:27:18]} {[%emt 00:02:04]} 46. Bd4 {[%clk 00:40:04]}
{[%emt 00:02:01]} Rxc5+ {[%clk 00:27:09]} {[%emt 00:00:40]} 47. Bxc5 {[%clk
00:40:24]} {[%emt 00:00:09]} Re5 {[%clk 00:27:21]} {[%emt 00:00:18]} 48. Kb4
{[%clk 00:40:09]} {[%emt 00:00:45]} a5+ {[%clk 00:27:01]} {[%emt 00:00:50]} 49.
Kc3 {[%clk 00:40:28]} {[%emt 00:00:11]} Rxc5+ {[%clk 00:27:23]} {[%emt
00:00:07]} 50. Kxd3 {[%clk 00:40:48]} {[%emt 00:00:09]} Rh5 {[%clk 00:27:34]}
{[%emt 00:00:20]} 51. Ke3 {[%clk 00:40:55]} {[%emt 00:00:22]} Kf7 {[%clk
00:27:34]} {[%emt 00:00:31]} 52. Kf3 {[%clk 00:41:17]} {[%emt 00:00:09]} g5
{[%clk 00:26:15]} {[%emt 00:01:48]} 53. Kg4 {[%clk 00:41:21]} {[%emt 00:00:27]}
Kg6 {[%clk 00:26:31]} {[%emt 00:00:13]} 54. Rxh3 {[%clk 00:41:34]} {[%emt
00:00:18]} Rxh3 {[%clk 00:26:33]} {[%emt 00:00:29]} 55. Kxh3 {[%clk 00:41:58]}
{[%emt 00:00:05]} Kh5 {[%clk 00:26:36]} {[%emt 00:00:25]} 56. Kg3 {[%clk
00:37:29]} {[%emt 00:04:59]} g4 {[%clk 00:25:58]} {[%emt 00:01:07]} 57. Kg2
{[%clk 00:37:31]} {[%emt 00:00:29]} Kg6 {[%clk 00:25:37]} {[%emt 00:00:51]} 58.
Kg3 {[%clk 00:37:41]} {[%emt 00:00:21]} Kg5 {[%clk 00:25:26]} {[%emt 00:00:40]}
59. Kg2 {[%clk 00:37:33]} {[%emt 00:00:38]} Kf4 {[%clk 00:25:09]} {[%emt
00:00:47]} 60. Kf2 {[%clk 00:37:51]} {[%emt 00:00:12]} Kf5 {[%clk 00:22:55]}
{[%emt 00:02:44]} 61. Kg2 {[%clk 00:37:35]} {[%emt 00:00:46]} Kg6 {[%clk
00:22:16]} {[%emt 00:01:09]} 62. Kg3 {[%clk 00:37:14]} {[%emt 00:00:52]} Kg5
{[%clk 00:19:47]} {[%emt 00:02:59]} 63. Kg2 {[%clk 00:37:31]} {[%emt 00:00:12]}
Kh4 {[%clk 00:19:26]} {[%emt 00:00:51]} 64. Kh2 {[%clk 00:37:45]} {[%emt
00:00:16]} Kg5 {[%clk 00:18:48]} {[%emt 00:01:08]} 65. Kg3 {[%clk 00:38:07]}
{[%emt 00:00:07]} Kf5 {[%clk 00:18:42]} {[%emt 00:00:36]} 66. Kg2 {[%clk
00:38:15]} {[%emt 00:00:21]} Kf4 {[%clk 00:18:07]} {[%emt 00:01:07]} 67. Kf2
{[%clk 00:35:38]} {[%emt 00:03:06]} g3+ {[%clk 00:18:07]} {[%emt 00:00:30]} 68.
Kg2 {[%clk 00:35:55]} {[%emt 00:00:14]} Kg4 {[%clk 00:18:01]} {[%emt 00:00:35]}
69. Kg1 {[%clk 00:36:09]} {[%emt 00:00:16]} Kf3 {[%clk 00:17:35]} {[%emt
00:00:56]} 1/2-1/2

[Event "DVM U16 2023"]
[Site "Magdeburg GER"]
[Date "2023.12.27"]
[Round "1"]
[White "Beyer, Lorenz"]
[Black "Ermitsch, Magnus"]
[Result "0-1"]
[Termination "normal"]
[Board "1.1"]
[BlackTitle "FM"]
[WhiteElo "2109"]
[BlackElo "2273"]
[WhiteTeam "Barnimer SF im SV Stahl Finow"]
[BlackTeam "SK Doppelbauer Kiel 1910"]
[PlyCount "90"]
[WhiteFideId "16245393"]
[BlackFideId "16234464"]
[EventCountry "GER"]
[EventRounds "7"]
[EventType "team-swiss"]
[EventDate "2023.12.26"]

1. d4 Nf6 2. Bf4 d5 3. Nf3 c5 4. e3 Nc6 5. c3 Nh5 6. Bg5 h6 7. Bh4 g5 8. Bg3
Nxg3 9. hxg3 e6 10. Be2 Bd7 11. Nbd2 cxd4 12. exd4 Bg7 13. Bd3 g4 14. Nh4 h5
15. Qe2 Qc7 16. Nb3 O-O-O 17. Nc5 Kb8 18. Nxd7+ Rxd7 19. Bb5 Rd6 20. Bxc6 Rxc6
21. Qd3 Bh6 22. O-O Bg5 23. f4 gxf3 24. Rxf3 f6 25. Re1 Rg8 26. Re2 f5 27. Ref2
Qe7 28. Qe2 Bxh4 29. gxh4 Qxh4 30. Qe5+ Ka8 31. Re2 a6 32. Qh2 Qg4 33. Qh3 Rg6
34. Kf2 Rc8 35. Qxg4 hxg4 36. Rfe3 Rc6 37. Kg3 Kb8 38. Kf4 Kc7 39. g3 Kd6 40.
Rh2 b5 41. a3 Rc7 42. Rh8 Rd7 43. Ra8 Ke7 44. Rxa6 Kf7 45. Rb6 e5+ 0-1

[Event "DVM U16 2023"]
[Site "Magdeburg GER"]
[Date "2023.12.27"]
[Round "1"]
[White "Shtompel, Yuriy"]
[Black "Hoffmann, Kay"]
[Result "0-1"]
[Termination "normal"]
[Board "1.2"]
[WhiteElo "2072"]
[BlackElo "2088"]
[WhiteTeam "SK Doppelbauer Kiel 1910"]
[BlackTeam "Barnimer SF im SV Stahl Finow"]
[PlyCount "108"]
[WhiteFideId "14168278"]
[BlackFideId "16227000"]
[EventCountry "GER"]
[EventRounds "7"]
[EventType "team-swiss"]
[EventDate "2023.12.26"]

1. e4 e5 2. d4 exd4 3. Qxd4 Nc6 4. Qd3 Nf6 5. Nc3 Bb4 6. Bd2 O-O 7. O-O-O d6 8.
Qg3 Nh5 9. Qf3 Nf6 10. Qg3 Re8 11. f3 Be6 12. Nge2 Ne5 13. Nd4 Nh5 14. Qe1 Bd7
15. Nd5 Bxd2+ 16. Qxd2 Nf6 17. Ne3 g6 18. h4 h5 19. Ne2 b5 20. Nf4 a5 21. Nfd5
b4 22. Nxf6+ Qxf6 23. Nd5 Qd8 24. g4 Nxf3 25. Qf4 Bxg4 26. Be2 Ne5 27. Nf6+ Kg7
28. Nxe8+ Qxe8 29. Bxg4 Nxg4 30. Rdf1 Qe6 31. Kb1 a4 32. Rh3 Re8 33. Rg3 Re7
34. Rgf3 f6 35. Qd2 Qxe4 36. Rf4 Qe3 37. Qxb4 c5 38. Qa5 Nh2 39. Rxf6 Nxf1 40.
Rxf1 Qd4 41. Qa8 Rf7 42. Rxf7+ Kxf7 43. a3 Qxh4 44. Qd5+ Ke7 45. Qb7+ Kf6 46.
Qf3+ Kg7 47. b3 Qe1+ 48. Kb2 Qe5+ 49. Ka2 Qe6 50. Qf4 axb3+ 51. cxb3 Qe2+ 52.
Kb1 Qd1+ 53. Ka2 Qc2+ 54. Ka1 Qxb3 55. Qxd6 Qxa3+ 56. Kb1 Qb4+ 57. Kc2 Qe4+ 58.
Kc1 Qf5 59. Qe7+ Kh6

[Event "DVM U16 2023"]
[Site "Magdeburg GER"]
[Date "2023.12.27"]
[Round "1"]
[White "Studzinski, Bruno"]
[Black "Vollbehr, Bjarne"]
[Result "1-0"]
[Termination "normal"]
[Board "1.3"]
[WhiteElo "1576"]
[BlackElo "1949"]
[WhiteTeam "Barnimer SF im SV Stahl Finow"]
[BlackTeam "SK Doppelbauer Kiel 1910"]
[PlyCount "141"]
[WhiteFideId "16296478"]
[BlackFideId "34606025"]
[EventCountry "GER"]
[EventRounds "7"]
[EventType "team-swiss"]
[EventDate "2023.12.26"]

1. d4 Nf6 2. Bf4 c5 3. e3 d5 4. c3 Nbd7 5. Nf3 g6 6. h3 Bg7 7. Bd3 b6 8. Nbd2
Bb7 9. Qe2 O-O 10. O-O Ne4 11. Rfd1 h6 12. Bb5 Ndf6 13. Ne5 Nd6 14. Bc6 Qc8 15.
Bxb7 Qxb7 16. b3 Rac8 17. dxc5 Rxc5 18. Rac1 Nfe4 19. c4 Rfc8 20. Nd3 Nc3 21.
Rxc3 Bxc3 22. Nxc5 bxc5 23. Bxd6 exd6 24. Nb1 d4 25. Nxc3 dxc3 26. Rxd6 Qe4 27.
Rd3 a5 28. Qc2 Qe5 29. Qxc3 Qxc3 30. Rxc3 Rd8 31. Rc2 Rd1+ 32. Kh2 f5 33. Kg3
Kf7 34. Kf3 Ke6 35. Ke2 Rg1 36. g3 g5 37. Kf3 h5 38. Rd2 Ra1 39. e4 fxe4+ 40.
Kxe4 Rh1 41. Rd5 Rxh3 42. Rxg5 h4 43. Rh5 Rh2 44. gxh4 Rxf2 45. Rxc5 Rxa2 46.
Rc6+ Kd7 47. Rb6 Rh2 48. Rh6 Rh3 49. Rh5 Rxb3 50. Rxa5 Rh3 51. Rh5 Kc6 52. Kd4
Rf3 53. Rh6+ Kc7 54. Kc5 Rf5+ 55. Kb4 Re5 56. h5 Rf5 57. Rh8 Rg5 58. h6 Rh5 59.
h7 Kb7 60. c5 Rh4+ 61. Kc3 Rh3+ 62. Kd4 Rh4+ 63. Ke5 Rh5+ 64. Kd6 Rh6+ 65. Kd7
Rh1 66. c6+ Kb6 67. Rb8+ Ka7 68. h8=Q Rd1+ 69. Kc7 Ka6 70. Rb6+ Ka7 71. Qb8#
1-0

[Event "DVM U16 2023"]
[Site "Magdeburg GER"]
[Date "2023.12.27"]
[Round "1"]
[White "Bräutigam, Katerina"]
[Black "Beduschi, Ben"]
[Result "1/2-1/2"]
[Termination "normal"]
[Board "1.4"]
[WhiteElo "1845"]
[BlackElo "1638"]
[WhiteTeam "SK Doppelbauer Kiel 1910"]
[BlackTeam "Barnimer SF im SV Stahl Finow"]
[PlyCount "172"]
[WhiteFideId "16242980"]
[BlackFideId "16273443"]
[EventCountry "GER"]
[EventRounds "7"]
[EventType "team-swiss"]
[EventDate "2023.12.26"]

1. e4 c5 2. Nf3 d6 3. d4 cxd4 4. Qxd4 Nf6 5. h3 Nc6 6. Qe3 g6 7. Be2 Bg7 8. O-O
O-O 9. Rd1 Qc7 10. Nc3 a6 11. Qg5 b5 12. a3 Bb7 13. Qh4 Ne5 14. Nxe5 dxe5 15.
Bg5 Rfd8 16. Bd3 Rac8 17. Re1 Bc6 18. Nd1 Qb7 19. f3 Rd7 20. Ne3 Rcd8 21. Bh6
Qb6 22. Kh2 Qc7 23. Ng4 Nh5 24. Bxg7 Kxg7 25. Qg5 f6 26. Qh6+ Kg8 27. Bf1 Rd2
28. Rac1 Qd6 29. Qe3 Qd4 30. Bd3 Qxe3 31. Nxe3 Nf4 32. Bf1 Bb7 33. Kg1 Rc8 34.
g3 Ne6 35. Bd3 Nc5 36. Be2 Rdd8 37. b4 Ne6 38. c4 Nd4 39. Bd1 bxc4 40. Rxc4
Rxc4 41. Nxc4 Rc8 42. Na5 Ba8 43. Kf2 Kf7 44. Re3 Ke6 45. Rd3 f5 46. Ke3 h6 47.
Nb3 Nxb3 48. Bxb3+ Kf6 49. Bd5 fxe4 50. Bxe4 Bxe4 51. Kxe4 Ke6 52. Rb3 Rc4+ 53.
Ke3 Kd6 54. Kd3 Rc1 55. b5 axb5 56. Rxb5 Rf1 57. Ke2 Ra1 (57... Rh1 58. Rb6+
Kd5 59. Rxg6 Rxh3 60. g4 e4 61. fxe4+ Kxe4) 58. Rb6+ Kd5 59. Rxg6 Rxa3 60. g4
e4 61. fxe4+ Kxe4 62. Rxh6 Ra2+ 63. Ke1 Kf4 64. Rh5 e5 65. Rf5+ Kg3 66. Rh5 Kf4
67. Rf5+ Kg3 68. Rh5 Kf4 69. g5 e4 70. g6 Rg2 71. Rh4+ Kg5 72. Kf1 Rg3 73. Rxe4
Kxg6 74. Rh4 Ra3 75. Kg2 Kg5 76. Rg4+ Kh5 77. Rg8 Rb3 78. Ra8 Kh4 79. Ra4+ Kh5
80. Ra8 Kh4 81. Rh8+ Kg5 82. h4+ Kg6 83. h5+ Kg7 84. Ra8 Kh6 85. Ra5 Rc3 86.
Rb5 Ra3 1/2-1/2

[Event "DVM U16 2023"]
[Site "Magdeburg GER"]
[Date "2023.12.27"]
[Round "1"]
[White "Bungarten, Jona"]
[Black "Trunz, Michelle"]
[Result "1/2-1/2"]
[Termination "normal"]
[Board "2.1"]
[WhiteElo "2085"]
[BlackElo "2024"]
[WhiteClock "00:24:15"]
[BlackClock "00:14:30"]
[WhiteTeam "SF Brackel 1930"]
[BlackTeam "SG Porz"]
[PlyCount "93"]
[WhiteFideId "16223608"]
[BlackFideId "16227980"]
[EventCountry "GER"]
[EventRounds "7"]
[EventType "team-swiss"]
[EventDate "2023.12.26"]

1. e4 c5 2. Nf3 d6 3. c3 Nf6 4. Qc2 Nc6 5. d4 cxd4 6. cxd4 e6 7. Nc3 Be7 8. Bg5
O-O 9. Rd1 a6 10. e5 Nd5 11. h4 h6 12. Qe4 Nxc3 13. bxc3 d5 14. Qg4 f5 15. exf6
Bxf6 16. Bxh6 e5 17. Qg3 exd4 18. cxd4 Re8+ 19. Be3 Qa5+ 20. Rd2 Nxd4 21. Nxd4
Bxd4 22. Bd3 Bc3 23. Kd1 Bxd2 24. Bxd2 Qa4+ 25. Bc2 Qg4+ 26. Qxg4 Bxg4+ 27. f3
Bd7 28. h5 Bb5 29. h6 Rac8 30. Bg5 Re5 31. f4 Re3 32. hxg7 Rec3 33. Bf5 Rc1+
34. Kd2 Rxh1 35. Bxc8 Kxg7 36. Bxb7 Bc4 37. Ke3 Rd1 38. f5 d4+ 39. Kf4 d3 40.
Ke5 Rb1 41. Bf3 Rb5+ 42. Ke4 Rd5 43. Bd2 Rd7 44. a3 Bd5+ 45. Kf4 Bxf3 46. Kxf3
Kf6 47. g4 Re7 48. Bc3+ Kg5 49. Bd2+ Kf6 50. Bc3+ Kg5 1/2-1/2

[Event "DVM U16 2023"]
[Site "Magdeburg GER"]
[Date "2023.12.27"]
[Round "1"]
[White "Holzwarth, Felix"]
[Black "Prieb, Robert"]
[Result "1-0"]
[Termination "normal"]
[Board "2.2"]
[BlackTitle "CM"]
[WhiteElo "1774"]
[BlackElo "2055"]
[WhiteClock "01:33:12"]
[BlackClock "00:27:06"]
[WhiteTeam "SG Porz"]
[BlackTeam "SF Brackel 1930"]
[PlyCount "89"]
[WhiteFideId "34621377"]
[BlackFideId "16212002"]
[EventCountry "GER"]
[EventRounds "7"]
[EventType "team-swiss"]
[EventDate "2023.12.26"]

1. d4 {[%clk 01:30:55]} {[%emt 00:00:04]} d5 {[%clk 01:30:25]} {[%emt
00:00:36]} 2. c4 {[%clk 01:31:14]} {[%emt 00:00:11]} e6 {[%clk 01:30:39]}
{[%emt 00:00:16]} 3. Nf3 {[%clk 01:31:36]} {[%emt 00:00:07]} Nf6 {[%clk
01:30:43]} {[%emt 00:00:26]} 4. g3 {[%clk 01:31:57]} {[%emt 00:00:10]} Bb4+
{[%clk 01:28:17]} {[%emt 00:02:56]} 5. Bd2 {[%clk 01:32:12]} {[%emt 00:00:14]}
a5 {[%clk 01:26:45]} {[%emt 00:02:02]} 6. a3 {[%clk 01:31:24]} {[%emt
00:01:19]} Bxd2+ {[%clk 01:26:43]} {[%emt 00:00:31]} 7. Nbxd2 {[%clk 01:31:52]}
{[%emt 00:00:03]} O-O {[%clk 01:23:27]} {[%emt 00:03:45]} 8. Bg2 {[%clk
01:31:50]} {[%emt 00:00:32]} b6 {[%clk 01:17:04]} {[%emt 00:06:53]} 9. O-O
{[%clk 01:29:03]} {[%emt 00:03:16]} Bb7 {[%clk 01:13:14]} {[%emt 00:04:22]} 10.
Ne5 {[%clk 01:18:13]} {[%emt 00:11:19]} Nbd7 {[%clk 01:08:06]} {[%emt
00:05:37]} 11. Nxd7 {[%clk 01:18:03]} {[%emt 00:00:41]} Qxd7 {[%clk 01:07:47]}
{[%emt 00:00:49]} 12. Qc2 {[%clk 01:17:33]} {[%emt 00:01:00]} Rac8 {[%clk
01:04:44]} {[%emt 00:03:33]} 13. b4 {[%clk 01:14:29]} {[%emt 00:03:35]} c5
{[%clk 00:59:46]} {[%emt 00:05:27]} 14. dxc5 {[%clk 01:14:39]} {[%emt
00:00:20]} bxc5 {[%clk 00:58:06]} {[%emt 00:02:10]} 15. b5 {[%clk 01:14:53]}
{[%emt 00:00:17]} dxc4 {[%clk 00:41:17]} {[%emt 00:17:18]} 16. Bxb7 {[%clk
01:15:10]} {[%emt 00:00:13]} Qxb7 {[%clk 00:41:41]} {[%emt 00:00:06]} 17. Nxc4
{[%clk 01:15:19]} {[%emt 00:00:21]} Qxb5 {[%clk 00:31:42]} {[%emt 00:10:30]}
18. Nd6 {[%clk 01:15:30]} {[%emt 00:00:19]} Qc6 {[%clk 00:31:58]} {[%emt
00:00:13]} 19. Nxc8 {[%clk 01:15:53]} {[%emt 00:00:08]} Rxc8 {[%clk 00:32:14]}
{[%emt 00:00:14]} 20. Rac1 {[%clk 01:13:52]} {[%emt 00:02:30]} Nd5 {[%clk
00:27:35]} {[%emt 00:05:09]} 21. Rfd1 {[%clk 01:11:09]} {[%emt 00:03:14]} h6
{[%clk 00:26:37]} {[%emt 00:01:28]} 22. Rd4 {[%clk 01:02:03]} {[%emt 00:09:35]}
Nb6 {[%clk 00:24:19]} {[%emt 00:02:48]} 23. Qd2 {[%clk 01:02:16]} {[%emt
00:00:16]} cxd4 {[%clk 00:11:28]} {[%emt 00:13:22]} 24. Rxc6 {[%clk 01:02:32]}
{[%emt 00:00:14]} Rxc6 {[%clk 00:11:51]} {[%emt 00:00:07]} 25. Qxd4 {[%clk
01:02:31]} {[%emt 00:00:31]} Rc1+ {[%clk 00:11:39]} {[%emt 00:00:42]} 26. Kg2
{[%clk 01:02:50]} {[%emt 00:00:10]} Nc4 {[%clk 00:11:55]} {[%emt 00:00:15]} 27.
h4 {[%clk 01:01:54]} {[%emt 00:01:27]} e5 {[%clk 00:08:30]} {[%emt 00:03:55]}
28. Qd8+ {[%clk 01:02:11]} {[%emt 00:00:13]} Kh7 {[%clk 00:08:58]} {[%emt
00:00:02]} 29. Qd3+ {[%clk 01:02:31]} {[%emt 00:00:09]} g6 {[%clk 00:08:07]}
{[%emt 00:01:21]} 30. h5 {[%clk 01:02:47]} {[%emt 00:00:15]} Kg7 {[%clk
00:07:17]} {[%emt 00:01:19]} 31. hxg6 {[%clk 01:03:06]} {[%emt 00:00:12]} fxg6
{[%clk 00:07:30]} {[%emt 00:00:17]} 32. Qd7+ {[%clk 01:03:27]} {[%emt
00:00:08]} Kf6 {[%clk 00:05:52]} {[%emt 00:02:08]} 33. Qe8 {[%clk 01:03:03]}
{[%emt 00:00:53]} Rc3 {[%clk 00:03:14]} {[%emt 00:03:09]} 34. a4 {[%clk
01:02:53]} {[%emt 00:00:40]} h5 {[%clk 00:02:34]} {[%emt 00:01:10]} 35. Qf8+
{[%clk 01:02:59]} {[%emt 00:00:24]} Ke6 {[%clk 00:02:36]} {[%emt 00:00:28]} 36.
Qg7 {[%clk 01:03:04]} {[%emt 00:00:22]} Kf5 {[%clk 00:02:31]} {[%emt 00:00:38]}
37. Qf7+ {[%clk 01:03:25]} {[%emt 00:00:09]} Kg5 {[%clk 00:02:39]} {[%emt
00:00:22]} 38. f4+ {[%clk 01:03:31]} {[%emt 00:00:24]} Kh6 {[%clk 00:02:49]}
{[%emt 00:00:20]} 39. Qg8 {[%clk 01:03:12]} {[%emt 00:00:48]} Ne3+ {[%clk
00:02:25]} {[%emt 00:00:55]} 40. Kh3 {[%clk 01:03:26]} {[%emt 00:00:15]} Rc7
{[%clk 00:02:05]} {[%emt 00:00:51]} 41. Qh8+ {[%clk 01:02:33]} {[%emt
00:01:21]} Rh7 {[%clk 00:02:32]} {[%emt 00:00:03]} 42. Qxe5 {[%clk 01:02:57]}
{[%emt 00:00:07]} Nf5 {[%clk 00:27:36]} {[%emt 00:05:26]} 43. e4 {[%clk
01:32:33]} {[%emt 00:00:54]} Ne3 {[%clk 00:26:45]} {[%emt 00:01:21]} 44. Qg5+
{[%clk 01:32:55]} {[%emt 00:00:08]} Kg7 {[%clk 00:27:06]} {[%emt 00:00:09]} 45.
f5 {[%clk 01:33:12]} {[%emt 00:00:13]} 1-0